Welcome to CU Library Online Public Access Catalogue (OPAC)

Next now trends for the future (Record no. 5303)

MARC details
000 -LEADER
fixed length control field 00396nam a22001577a 4500
005 - DATE AND TIME OF LATEST TRANSACTION
control field 20250328131942.0
008 - FIXED-LENGTH DATA ELEMENTS--GENERAL INFORMATION
fixed length control field 250328b |||||||| |||| 00| 0 eng d
020 ## - INTERNATIONAL STANDARD BOOK NUMBER
International Standard Book Number 9780230600010
050 ## - LIBRARY OF CONGRESS CALL NUMBER
Classification number HD 30.27 SAL
Item number 1
100 ## - MAIN ENTRY--PERSONAL NAME
Personal name SALZMAN, Marian
245 ## - TITLE STATEMENT
Title Next now trends for the future
260 ## - PUBLICATION, DISTRIBUTION, ETC.
Place of publication, distribution, etc. New York
Name of publisher, distributor, etc. Palgrave
Date of publication, distribution, etc. 2007
300 ## - PHYSICAL DESCRIPTION
Extent 307p
700 ## - ADDED ENTRY--PERSONAL NAME
Personal name MATATHIA, IRA
942 ## - ADDED ENTRY ELEMENTS (KOHA)
Source of classification or shelving scheme Library of Congress Classification
Koha item type Books
Suppress in OPAC No
999 ## -
-- 5303
-- 5303
Holdings
Withdrawn status Lost status Source of classification or shelving scheme Damaged status Not for loan Collection Home library Current library Shelving location Date acquired Total checkouts Full call number Barcode Date last seen Copy number Price effective from Koha item type
    Library of Congress Classification     Non-fiction Graduate Library (Christ Temple) Graduate Library (Christ Temple) General stacks 03/28/2025   HD 30. 27 SAL GSCT00000926 03/28/2025 1 03/28/2025 Books
    Library of Congress Classification     Non-fiction Graduate Library (Christ Temple) Graduate Library (Christ Temple) General stacks 03/28/2025   HD 30. 27 SAL GSCT00000927 03/28/2025 2 03/28/2025 Books
    Library of Congress Classification     Non-fiction Graduate Library (Christ Temple) Graduate Library (Christ Temple) General stacks 03/28/2025   HD 30. 27 SAL GSCT00000928 03/28/2025 3 03/28/2025 Books
    Library of Congress Classification     Non-fiction Graduate Library (Christ Temple) Graduate Library (Christ Temple) General stacks 03/28/2025   HD 30. 27 SAL GSCT00000929 03/28/2025 4 03/28/2025 Books
    Library of Congress Classification     Non-fiction Graduate Library (Christ Temple) Graduate Library (Christ Temple) General stacks 03/28/2025   HD 30. 27 SAL GSCT00000930 03/28/2025 5 03/28/2025 Books
© 2023-2024 Copyright: Central University Libraries. All Rights Reserved | Created by: Mahone Tech Office